[Event "Mittelrhein Verbandsliga-W 1112"]
[Site "Germany"]
[Date "2012.03.18"]
[Round "8.8"]
[White "Gerhards, Juergen"]
[Black "Jansen, Peter"]
[Result "0-1"]
[WhiteElo "1813"]
[BlackElo "1874"]
[PlyCount "54"]
[EventDate "2011.09.18"]
[EventType "team-tourn"]
[EventRounds "11"]
[EventCountry "GER"]
[SourceTitle "EXT 2013"]
[Source "ChessBase"]
[SourceDate "2012.11.22"]
[SourceVersion "1"]
[SourceVersionDate "2012.11.22"]
[SourceQuality "1"]
[WhiteTeam "Lendersdorf"]
[BlackTeam "Aachen Aufwaerts II"]
[WhiteTeamCountry "GER"]
[BlackTeamCountry "GER"]

1. d4 d5 2. e4 dxe4 3. Nc3 Nf6 4. f3 exf3 5. Nxf3 g6 6. Bc4 Bg7 7. Bg5 0-0 8. Qd2 Nbd7 9. 0-0-0 c6 10. Qf4 Nb6 11. Bb3 Nbd5 12. Qh4 Nxc3 13. bxc3 a5 14. a4 b5 15. Ne5 Qd6 16. Rde1 bxa4 17. Nc4 Qc7 18. Bxa4 Be6 19. Ne5 c5 20. Bf4 Qb6 21. Qf2 cxd4 22. Nc6 Nd5 23. cxd4 Rfc8 24. Ne5 Nxf4 25. Qxf4 Qb4 26. Bc6 Bxe5 27. Qxe5 Rxc6 0-1